000 00373nam a2200157Ia 4500
008 230524s9999 xx 000 0 und d
082 _a547
_bHAI
100 _aS.N.Haider
245 0 _aFundamentals of Organic Chemistry
250 _a16TH
260 _aNEW DELHI
_bS.Chand
_c2005
300 _a549
500 _aQuantity Number: 2
650 _aChemistry
942 _cBK
999 _c13874
_d13874